|
|
|
|
| LEADER |
00000naa2a2200000 4500 |
| 001 |
389777 |
| 005 |
20231101063915.0 |
| 035 |
|
|
|a (RuTPU)RU\TPU\prd\22303
|
| 090 |
|
|
|a 389777
|
| 100 |
|
|
|a 20040205a2003 k y0rusy50 ca
|
| 101 |
0 |
|
|a rus
|
| 102 |
|
|
|a RU
|
| 200 |
1 |
|
|a Теоретические основы проектирования и конструкции жидкостных пылеулавливающих устройств
|f Е. А. Жидко, В. В. Колотушкин
|
| 225 |
1 |
|
|a Промышленная безопасность
|
| 320 |
|
|
|a Библиогр.: 4 назв.
|
| 461 |
|
1 |
|0 (RuTPU)RU\TPU\prd\1137
|t Безопасность жизнедеятельности
|o научно-практический и учебно-методический журнал
|d 2001-
|
| 463 |
|
1 |
|0 (RuTPU)RU\TPU\prd\21687
|t № 12
|v С. 20-24
|d 2003
|
| 610 |
1 |
|
|a пылеулавливающие аппараты
|
| 610 |
1 |
|
|a мокрая очистка
|
| 610 |
1 |
|
|a проектирование
|
| 610 |
1 |
|
|a конструкции
|
| 610 |
1 |
|
|a загрязняющие вещества
|
| 610 |
1 |
|
|a предельно допустимые выбросы
|
| 675 |
|
|
|a 62-784.431
|v 3
|
| 700 |
|
1 |
|a Жидко
|b Е. А.
|
| 701 |
|
1 |
|a Колотушкин
|b В. В.
|
| 801 |
|
1 |
|a RU
|b 63413507
|c 20040205
|g PSBO
|
| 942 |
|
|
|c BK
|